Top 10 US States With The Largest Native American Populations - Statistics

General Stats
  • This quiz has been taken 1,335 times
  • The average score is 8 of 10
Answer Stats
Number of Native Americans State % Correct
362,801 California
92%
170,972 Texas
92%
296,529 Arizona
89%
193,222 New Mexico
89%
321,687 Oklahoma
86%
71,817 South Dakota
77%
103,869 Washington
77%
104,871 Alaska
75%
106,906 New York
74%
122,110 North Carolina
37%
No matching quizzes found
Score Distribution
Percent of People with Each Score
Percentile by Number Answered
Your Score History
You have not taken this quiz